| 000 | 00537cam a2200205ua 4500 | ||
|---|---|---|---|
| 001 | 58 | ||
| 008 | 110314n ii |||gr||||Z||||||eng | ||
| 020 | _a0-07-462239-0 | ||
| 040 | _cMAIN | ||
| 082 | _a005.74068 | ||
| 245 |
_aDatabase Management Systems. _cBy Arun K Mazumder. |
||
| 250 | _a1st. | ||
| 260 |
_aNew Delhi.: _bMcgraw Hill., _c2006. |
||
| 300 |
_ax,475 p.: _bill.; _c20 cm. |
||
| 653 | _aComputer Science. | ||
| 653 | _aDatabase Management. | ||
| 700 | 1 | _aMazumder, Arun k., | |
| 700 | 1 | _aBhattacharyya, Pritimoy., | |
| 942 | _cBK | ||
| 999 |
_c49 _d49 |
||